The end of the Russian land commune, 1905-1930 / (Record no. 16288)

000 -LEADER
fixed length control field 00498cam a2200181 a 4500
020 ## - INTERNATIONAL STANDARD BOOK NUMBER
ISBN 0804711488
040 ## - CATALOGING SOURCE
Transcribing agency DLC
082 00 - DEWEY DECIMAL CLASSIFICATION NUMBER
Classification number 338 STA 1983 A089 Or.
100 1# - MAIN ENTRY--AUTHOR NAME
Personal name Atkinson, Dorothy,
245 14 - TITLE STATEMENT
Title The end of the Russian land commune, 1905-1930 /
260 ## - PUBLICATION, DISTRIBUTION, ETC. (IMPRINT)
Place of publication Stanford, Calif. :
Name of publisher Stanford University Press,
Year of publication 1983.
300 ## - PHYSICAL DESCRIPTION
Number of Pages xii, 457 p. ;
Dimensions 24 cm.
500 ## - GENERAL NOTE
General note Includes index.
650 #0 - SUBJECT ADDED ENTRY--TOPICAL TERM
Topical Term Collective farms
650 #0 - SUBJECT ADDED ENTRY--TOPICAL TERM
Topical Term State farms
650 #0 - SUBJECT ADDED ENTRY--TOPICAL TERM
Topical Term Agriculture and state
942 ## - ADDED ENTRY ELEMENTS (KOHA)
Koha item type សៀវភៅភាសាអង់គ្លេស
952 ## - LOCATION AND ITEM INFORMATION (KOHA)
Withdrawn status [LOCAL, KOHA] 0
Holdings
Permanent Location Date acquired Koha item type Lost status Shelving location Barcode Current Location Full call number
Library Block A2018-02-02សៀវភៅភាសាអង់គ្លេស A089A18642Library Block A338 STA 1983 A089 Or.
មជ្ឈមណ្ឌលឯការនៃសាកលវិទ្យាល័យភូមិន្ទកសិកម្មចំការដូង

Powered by Koha